[Event "21st TCh-RUS 2014"]
[Site "Loo RUS"]
[Date "2014.04.11"]
[Round "5.2"]
[Board "2"]
[White "Grischuk, Alexander"]
[Black "Tomashevsky, Evgeny"]
[Result "1-0"]
[WhiteTitle "GM"]
[BlackTitle "GM"]
[WhiteElo "2777"]
[BlackElo "2697"]
[WhiteTeam "Malachite (Sverdlovsk region)"]
[BlackTeam "Yugra (KhMAO)"]
[WhiteFideId "4126025"]
[BlackFideId "4147235"]
[EventDate "2014.04.07"]

1. Nf3 d5 2. d4 Nf6 3. c4 c6 4. g3 Bg4 5. Ne5 Bf5 6. cxd5 cxd5 7. Nc3 Nc6 8. f3
Bd7 9. Nxd7 Qxd7 10. e4 e6 11. e5 Ng8 12. Be3 Bb4 13. Bd3 Nge7 14. Bf2 Nf5 15.
Bc2 Rc8 16. Kf1 Bxc3 17. bxc3 Na5 18. Rc1 Nc4 19. Qe2 O-O 20. Kg2 f6 21. exf6
Rxf6 22. Bd3 b5 23. Rhf1 Qf7 24. Rce1 Rf8 25. g4 Ne7 26. Bg3 Ng6 27. h4 Kh8 28.
h5 Nf4+ 29. Bxf4 Rxf4 30. Bxc4 dxc4 31. Qxe6 Qb7 32. Re4 R4f6 33. Qe7 Qa6 34. g5
Rf5 35. Re5 Qxa2+ 36. Kg3 Qc2 37. Rxb5 h6 38. gxh6 R5f7 39. Qe3 Qh7 40. Re5 gxh6
41. Re6 Rg7+ 42. Kh4 Rg5 43. f4 Rgf5 44. Rg1 Rxf4+ 45. Rg4 Rxg4+ 46. Kxg4 Qf5+
47. Kh4 Rf6 48. d5 Kh7 49. Qxa7+ Kg8 50. Qb8+ Kh7 51. Re7+ Rf7 52. Rxf7+ Qxf7
53. Qe5 Qf2+ 54. Kg4 Qg2+ 55. Kf5 Qf3+ 56. Ke6 Qf7+ 57. Kd6 1-0

[Event "21st TCh-RUS 2014"]
[Site "Loo RUS"]
[Date "2014.04.11"]
[Round "5.2"]
[Board "4"]
[White "Shirov, Alexei"]
[Black "Khismatullin, Denis"]
[Result "1/2-1/2"]
[WhiteTitle "GM"]
[BlackTitle "GM"]
[WhiteElo "2702"]
[BlackElo "2681"]
[WhiteTeam "Malachite (Sverdlovsk region)"]
[BlackTeam "Yugra (KhMAO)"]
[WhiteFideId "2209390"]
[BlackFideId "4142578"]
[EventDate "2014.04.07"]

1. e4 c5 2. Nf3 d6 3. d4 cxd4 4. Nxd4 Nf6 5. Nc3 a6 6. h3 e6 7. g4 h6 8. Bg2 Be7
9. Be3 Nc6 10. Qe2 Nxd4 11. Bxd4 e5 12. Be3 b5 13. O-O-O b4 14. Nd5 Nxd5 15.
exd5 O-O 16. Be4 Bg5 17. Rdg1 Bxe3+ 18. fxe3 Qh4 19. Bd3 a5 20. e4 Ra7 21. Kb1
Rc7 22. Qe3 Rc5 23. g5 hxg5 24. Rxg5 g6 25. Rxe5 Rxc2 26. Bxc2 dxe5 27. Qc5 Bg4
28. Qg1 Bd7 29. Qh2 Qf6 30. h4 Kg7 31. h5 Rh8 32. h6+ Kh7 33. Qe2 Rf8 34. b3 Qd6
35. Qf2 Bg4 36. Qa7 Bh5 37. Qxa5 Rc8 38. Qa7 Kxh6 39. Qxf7 Qc5 40. Bd3 Rf8 41.
Qe6 Qc3 42. Qh3 Qd2 43. Bc2 Rf2 44. Qc8 Qd4 45. Qh8+ Kg5 46. Rg1+ Bg4 47. Qh3
Rf4 48. Qg3 Kf6 49. Qh4+ Kg7 50. Rh1 Bh5 51. Qe7+ Rf7 52. Qd8 Rf2 53. Qc7+ Kh6
54. Qc4 Qd2 55. Qc5 Kg7 56. Qc7+ Kh6 57. d6 Rf6 58. d7 Rd6 59. d8=Q Rxd8 60.
Qxe5 Qd6 61. Qxd6 Rxd6 62. e5 Re6 63. Re1 Bf3 64. Bd3 Kg5 65. Rg1+ Kf4 66. Rxg6
Kxe5 1/2-1/2

[Event "21st TCh-RUS 2014"]
[Site "Loo RUS"]
[Date "2014.04.11"]
[Round "5.2"]
[Board "5"]
[White "Riazantsev, Alexander"]
[Black "Malakhov, Vladimir"]
[Result "1-0"]
[WhiteTitle "GM"]
[BlackTitle "GM"]
[WhiteElo "2688"]
[BlackElo "2701"]
[WhiteTeam "Yugra (KhMAO)"]
[BlackTeam "Malachite (Sverdlovsk region)"]
[WhiteFideId "4125029"]
[BlackFideId "4120787"]
[EventDate "2014.04.07"]

1. d4 d5 2. c4 c6 3. Nf3 Nf6 4. Nc3 a6 5. e3 Bf5 6. Qb3 Ra7 7. Nh4 Bg6 8. a4 e6
9. a5 Nbd7 10. Nxg6 hxg6 11. Bd2 Bd6 12. g3 Bc7 13. Qa3 Ra8 14. Bg2 dxc4 15. O-O
Rh5 16. Ne2 Rb5 17. Rfd1 Rb8 18. Be1 Qe7 19. Qa2 Bd6 20. Nc3 Rh5 21. e4 Bc7 22.
e5 Nxe5 23. dxe5 Rxe5 24. Qxc4 Rxa5 25. Rac1 Rc5 26. Qb3 Kf8 27. Bd2 Rf5 28. Be3
Bd6 29. Ne4 Rb5 30. Qc2 Nxe4 31. Bxe4 Kg8 32. h4 Be5 33. b3 Rd8 34. Rxd8+ Qxd8
35. Rd1 Qc7 36. Rd3 Bf6 37. Qd2 Qa5 38. Qd1 Qb4 39. Bf3 Qa3 40. Kg2 Qe7 41. Rd7
Qe8 42. Rd3 Qe7 43. Bg5 Kh7 44. Rd7 Qe8 45. Bxf6 gxf6 46. Qd6 Qg8 47. Qe7 Kh6
48. Rd8 1-0

[Event "21st TCh-RUS 2014"]
[Site "Loo RUS"]
[Date "2014.04.11"]
[Round "5.3"]
[Board "1"]
[White "Nepomniachtchi, Ian"]
[Black "Grishchenko, Sergey1"]
[Result "1-0"]
[WhiteTitle "GM"]
[BlackTitle "FM"]
[WhiteElo "2732"]
[BlackElo "2436"]
[WhiteTeam "SHSM our inheritance (Moscow)"]
[BlackTeam "Atom (Desnogorsk)"]
[WhiteFideId "4168119"]
[BlackFideId "4136730"]
[EventDate "2014.04.07"]

1. e4 c6 2. d4 d5 3. e5 c5 4. dxc5 e6 5. a3 Bxc5 6. b4 Bb6 7. Qg4 Ne7 8. Nf3 Ng6
9. Bb2 Nc6 10. Bd3 Bd7 11. O-O Nce7 12. Nc3 a6 13. Rad1 Rc8 14. Rfe1 Rc7 15. h4
Qc8 16. Ne2 h5 17. Qg5 Bb5 18. Bxb5+ axb5 19. Bd4 Rc6 20. Bxb6 Rxb6 21. Ned4 Nc6
22. g3 Nxd4 23. Nxd4 Qd8 24. Qe3 Ne7 25. Rd3 Nc6 26. Nf3 Ne7 27. Qc5 Nf5 28.
Red1 f6 29. Rxd5 exd5 30. Rxd5 Nd6 31. exd6 O-O 32. Nd4 Re8 33. d7 Rf8 34. Rxh5
Rf7 35. Rd5 Ra6 36. Qxb5 1-0

[Event "21st TCh-RUS 2014"]
[Site "Loo RUS"]
[Date "2014.04.11"]
[Round "5.3"]
[Board "3"]
[White "Grachev, Boris"]
[Black "Simonian, Tigran"]
[Result "1-0"]
[WhiteTitle "GM"]
[BlackTitle "IM"]
[WhiteElo "2659"]
[BlackElo "2427"]
[WhiteTeam "SHSM our inheritance (Moscow)"]
[BlackTeam "Atom (Desnogorsk)"]
[WhiteFideId "4129199"]
[BlackFideId "13303597"]
[EventDate "2014.04.07"]

1. c4 Nf6 2. Nf3 e6 3. g3 d5 4. Bg2 Be7 5. d4 O-O 6. Qc2 c6 7. O-O Nbd7 8. Nbd2
b6 9. e4 Bb7 10. e5 Ne8 11. cxd5 cxd5 12. Re1 Rc8 13. Qa4 Nc7 14. Bf1 a5 15. Bd3
Ba6 16. Bb1 Na8 17. Nf1 b5 18. Qd1 b4 19. h4 Nab6 20. N1h2 Rc6 21. Kg2 Qc7 22.
Bg5 f6 23. exf6 gxf6 24. Bh6 Rf7 25. Ng4 Kh8 26. h5 Nf8 27. Rh1 Nc4 28. Bg6 Bd6
29. Bxf7 Qxf7 30. Rc1 Bb5 31. b3 Nb6 32. Rxc6 Bxc6 33. Qc1 Bd7 34. Bf4 1-0

[Event "21st TCh-RUS 2014"]
[Site "Loo RUS"]
[Date "2014.04.11"]
[Round "5.3"]
[Board "4"]
[White "Shahinyan, David"]
[Black "Popov, Ivan RUS"]
[Result "0-1"]
[WhiteTitle "FM"]
[BlackTitle "GM"]
[WhiteElo "2362"]
[BlackElo "2651"]
[WhiteTeam "Atom (Desnogorsk)"]
[BlackTeam "SHSM our inheritance (Moscow)"]
[WhiteFideId "13304380"]
[BlackFideId "4170350"]
[EventDate "2014.04.07"]

1. e4 c5 2. Nc3 Nc6 3. g3 g6 4. Bg2 Bg7 5. d3 d6 6. Be3 Nf6 7. h3 Rb8 8. Qd2 b5
9. Nge2 b4 10. Nd1 O-O 11. O-O Qb6 12. f4 Nd4 13. Nc1 Ba6 14. c3 bxc3 15. bxc3
Nc6 16. Bf2 Nd7 17. Nb3 Qc7 18. Ne3 Nb6 19. e5 Rfd8 20. exd6 Qxd6 21. Rfd1 Rbc8
22. Qc1 e6 23. Qa3 Bxd3 24. Nxc5 Qe7 25. Rac1 Bf8 26. Ng4 Be2 27. Re1 Bxg4 28.
hxg4 Nd7 29. f5 Nxc5 30. f6 Qd6 31. Rcd1 Nd3 32. Qa6 Nce5 0-1

[Event "21st TCh-RUS 2014"]
[Site "Loo RUS"]
[Date "2014.04.11"]
[Round "5.3"]
[Board "5"]
[White "Potkin, Vladimir"]
[Black "Pogosian, Georgy"]
[Result "1-0"]
[WhiteTitle "GM"]
[BlackTitle "FM"]
[WhiteElo "2617"]
[BlackElo "2241"]
[WhiteTeam "SHSM our inheritance (Moscow)"]
[BlackTeam "Atom (Desnogorsk)"]
[WhiteFideId "4131061"]
[BlackFideId "4119088"]
[EventDate "2014.04.07"]

1. d4 Nf6 2. Nf3 e6 3. c4 Bb4+ 4. Bd2 a5 5. Nc3 d5 6. e3 O-O 7. Bd3 b6 8. O-O
Bb7 9. cxd5 exd5 10. Rc1 Bxc3 11. Bxc3 Nbd7 12. b3 Ne4 13. Bb2 Re8 14. Ne5 Nxe5
15. dxe5 Ba6 16. Bxa6 Rxa6 17. Qd3 Ra8 18. Rfd1 Qh4 19. Qe2 Qd8 20. f3 Nc5 21.
e4 c6 22. exd5 cxd5 23. Qd2 Qh4 24. Qxd5 Rad8 25. Qc4 Qg5 26. Bd4 h5 27. Bxc5
bxc5 28. f4 Qg4 29. Qf1 Rd4 30. Rxd4 cxd4 31. Rd1 Rd8 32. Rd3 h4 33. Qf3 Qc8 34.
h3 Qc1+ 35. Kh2 Qc2 36. a4 Qc5 37. Qe4 Rd5 38. e6 fxe6 39. Qxe6+ Kh7 40. Qe1 g5
41. fxg5 Qd6+ 42. Kg1 Qf4 43. Qe7+ Kh8 44. Rf3 1-0

[Event "21st TCh-RUS 2014"]
[Site "Loo RUS"]
[Date "2014.04.11"]
[Round "5.3"]
[Board "6"]
[White "Parfenov, Viktor N."]
[Black "Mozharov, Mikhail"]
[Result "0-1"]
[BlackTitle "IM"]
[WhiteElo "2194"]
[BlackElo "2557"]
[WhiteTeam "Atom (Desnogorsk)"]
[BlackTeam "SHSM our inheritance (Moscow)"]
[WhiteFideId "4165969"]
[BlackFideId "4189825"]
[EventDate "2014.04.07"]

1. Nf3 c5 2. c4 Nc6 3. g3 e5 4. Nc3 g6 5. Bg2 Bg7 6. O-O d6 7. d3 Nge7 8. a3 O-O
9. Rb1 a5 10. Ne1 Be6 11. Nd5 Rb8 12. Bg5 f6 13. Bd2 b5 14. Nc2 b4 15. axb4 axb4
16. Nxe7+ Nxe7 17. Ne3 f5 18. Qb3 f4 19. Nd5 Nxd5 20. Bxd5 Bxd5 21. cxd5 Ra8 22.
Ra1 Qf6 23. Rxa8 Rxa8 24. Rb1 Qf5 25. Qc4 f3 26. exf3 Qxf3 27. Be3 Qe2 28. Kg2
Rf8 29. Qe4 b3 30. Kh3 Rf5 31. Ra1 Bf8 32. Kg2 Qxb2 33. Ra8 0-1

[Event "21st TCh-RUS 2014"]
[Site "Loo RUS"]
[Date "2014.04.11"]
[Round "5.4"]
[Board "3"]
[White "Sivuk, Vitaly"]
[Black "Artemiev, Vladislav"]
[Result "0-1"]
[WhiteTitle "IM"]
[BlackTitle "IM"]
[WhiteElo "2519"]
[BlackElo "2636"]
[WhiteTeam "Turbopump (Voronezh region)"]
[BlackTeam "Rook (Kazan)"]
[WhiteFideId "14116502"]
[BlackFideId "24101605"]
[EventDate "2014.04.07"]

1. e4 c5 2. Nf3 d6 3. Bb5+ Nd7 4. O-O a6 5. Bd3 Ngf6 6. c3 b5 7. Bc2 Bb7 8. Re1
Rc8 9. a4 b4 10. a5 e6 11. d3 bxc3 12. bxc3 Be7 13. h3 O-O 14. Nbd2 Qc7 15. Nf1
Rfd8 16. Bg5 Nf8 17. Qd2 Ng6 18. N1h2 d5 19. e5 Ne4 20. dxe4 dxe4 21. Qe3 exf3
22. Nxf3 Bxf3 23. Bxe7 Qxe7 24. Qxf3 c4 25. Bxg6 hxg6 26. Red1 Qc7 27. Qe3 Rxd1+
28. Rxd1 Qxa5 29. Rd7 Qb5 30. Qd4 Qb8 31. f4 a5 32. Kh2 a4 33. Qa7 g5 34. Rxf7
Qxa7 35. Rxa7 gxf4 36. g3 fxg3+ 37. Kxg3 Rd8 38. Rxa4 Rd3+ 39. Kg4 Rxc3 40. h4
Rc1 41. Kf3 c3 42. Ke2 Rh1 43. Kd3 Rh3+ 44. Kc2 Re3 45. Ra7 Rxe5 46. Kxc3 Re4
47. Ra8+ Kf7 48. Rh8 Rf4 49. Kd3 Rf3+ 50. Ke2 Rf6 51. Ra8 Kg6 52. Ke3 Kh5 53.
Rh8+ Rh6 54. Rg8 Kg6 55. Kf4 Rxh4+ 56. Ke5 Kf7 57. Ra8 Rh5+ 58. Kf4 Rb5 59. Rc8
Rf5+ 60. Ke4 g5 61. Rc7+ Kf6 62. Rc8 Rf4+ 63. Ke3 Kf5 64. Rf8+ Kg4 65. Re8 Rf6
66. Rg8 Kh4 67. Rh8+ Kg3 68. Rg8 g4 69. Rg7 Kh3 70. Rh7+ Kg2 71. Rg7 g3 72. Rg8
Kh2 73. Rh8+ Kg1 74. Rg8 g2 75. Ke2 Rh6 0-1

[Event "21st TCh-RUS 2014"]
[Site "Loo RUS"]
[Date "2014.04.11"]
[Round "5.4"]
[Board "4"]
[White "Volokitin, Andrei"]
[Black "Bortnyk, Olexandr"]
[Result "0-1"]
[WhiteTitle "GM"]
[BlackTitle "IM"]
[WhiteElo "2647"]
[BlackElo "2495"]
[WhiteTeam "Rook (Kazan)"]
[BlackTeam "Turbopump (Voronezh region)"]
[WhiteFideId "14107090"]
[BlackFideId "14120828"]
[EventDate "2014.04.07"]

1. e4 Nf6 2. e5 Nd5 3. d4 d6 4. c4 Nb6 5. exd6 exd6 6. Nc3 Be7 7. h3 O-O 8. Bd3
Re8 9. Nge2 Bf6 10. O-O Nc6 11. b3 d5 12. c5 Nd7 13. Bc2 Nf8 14. Be3 b6 15. cxb6
axb6 16. a3 Na5 17. Bd3 Bb7 18. Qc2 c5 19. Rfd1 Rxe3 20. fxe3 Qe8 21. b4 Qxe3+
22. Kh1 cxd4 23. bxa5 dxc3 24. a6 Rxa6 25. Bxa6 Bxa6 26. Nc1 d4 27. Nd3 Bb7 28.
Nf2 Bh4 29. Rf1 Ne6 30. Nd1 Qxh3+ 31. Kg1 Qg4 32. Ra2 Bd5 33. Qa4 Bxa2 34. Nxc3
Bb3 35. Qxb3 dxc3 36. Qxc3 Qd4+ 37. Qxd4 Nxd4 38. Rb1 Bd8 39. Kf2 Ne6 40. Ke3
Be7 41. a4 h5 42. Kd2 Bc5 43. Kc3 h4 44. Kc4 g5 0-1

[Event "21st TCh-RUS 2014"]
[Site "Loo RUS"]
[Date "2014.04.11"]
[Round "5.4"]
[Board "5"]
[White "Demidov, Mikhail"]
[Black "Timofeev, Artyom"]
[Result "1/2-1/2"]
[WhiteTitle "IM"]
[BlackTitle "GM"]
[WhiteElo "2498"]
[BlackElo "2610"]
[WhiteTeam "Turbopump (Voronezh region)"]
[BlackTeam "Rook (Kazan)"]
[WhiteFideId "4197143"]
[BlackFideId "4140419"]
[EventDate "2014.04.07"]

1. Nf3 c5 2. c4 Nf6 3. Nc3 d5 4. cxd5 Nxd5 5. e3 Nxc3 6. bxc3 g6 7. h4 h6 8.
Bb5+ Nd7 9. a4 Bg7 10. Ba3 b6 11. O-O O-O 12. d4 Bb7 13. a5 Qc7 14. Qa4 Nf6 15.
a6 Bd5 16. dxc5 Ne4 17. cxb6 Qxb6 18. Bb4 Rab8 19. Bd3 Nxc3 20. Bxc3 Bxc3 21.
Rab1 Qf6 22. Be4 Bxe4 23. Qxe4 Qxa6 24. Qxe7 Bf6 25. Qc7 Rbc8 26. Qf4 h5 27. Rb4
Kg7 28. Rfb1 Qd3 29. Ng5 Rc5 30. Qe4 Qd6 31. Rb7 Bxg5 32. hxg5 Rxg5 33. Rxa7 Re5
34. Qf4 Re6 35. Qxd6 Rxd6 36. g3 g5 37. Kg2 Kg6 38. Rab7 Rfd8 39. R1b6 Rxb6 40.
Rxb6+ f6 41. Rb4 g4 1/2-1/2

[Event "21st TCh-RUS 2014"]
[Site "Loo RUS"]
[Date "2014.04.11"]
[Round "5.4"]
[Board "6"]
[White "Makhmutov, Rail"]
[Black "Zhurikhin, Alexander"]
[Result "1/2-1/2"]
[WhiteTitle "FM"]
[BlackTitle "FM"]
[WhiteElo "2414"]
[BlackElo "2335"]
[WhiteTeam "Rook (Kazan)"]
[BlackTeam "Turbopump (Voronezh region)"]
[WhiteFideId "4122151"]
[BlackFideId "4139569"]
[EventDate "2014.04.07"]

1. d4 Nf6 2. c4 e6 3. g3 Bb4+ 4. Bd2 c5 5. Bxb4 cxb4 6. Bg2 O-O 7. e4 d6 8. Ne2
e5 9. a3 Qb6 10. Qd2 bxa3 11. Nxa3 Nc6 12. O-O exd4 13. Nb5 Re8 14. Qd3 Qc5 15.
b3 Bd7 16. Nbxd4 Nb4 17. Qe3 d5 18. cxd5 Nbxd5 19. Qd3 Nb4 20. Qe3 Nbd5 21. Qd3
Nb4 22. Qe3 Nbd5 23. Qd3 1/2-1/2

[Event "21st TCh-RUS 2014"]
[Site "Loo RUS"]
[Date "2014.04.11"]
[Round "5.5"]
[Board "1"]
[White "Sjugirov, Sanan"]
[Black "Prizant, Jaroslav"]
[Result "1/2-1/2"]
[WhiteTitle "GM"]
[BlackTitle "IM"]
[WhiteElo "2653"]
[BlackElo "2521"]
[WhiteTeam "Lada (Samara region)"]
[BlackTeam "Moscow region"]
[WhiteFideId "4189302"]
[BlackFideId "4140664"]
[EventDate "2014.04.07"]

1. g3 c5 2. Bg2 Nc6 3. d3 e5 4. Nc3 d6 5. f4 exf4 6. Bxf4 Nf6 7. e4 Be7 8. Nf3
O-O 9. O-O d5 10. Ne5 Nxe5 11. Bxe5 dxe4 12. dxe4 Be6 13. Nd5 Bxd5 14. exd5 Ne8
15. Qd3 Bf6 16. Bxf6 Nxf6 17. d6 Qb6 18. Rad1 Rad8 19. b3 c4+ 20. Qd4 Rxd6 21.
Qxb6 Rxb6 22. Rfe1 cxb3 23. cxb3 Re8 24. Rxe8+ Nxe8 25. Rd7 Kf8 26. Rxb7 Rxb7
27. Bxb7 Ke7 28. Kf2 Kd6 29. Ke3 Kc5 30. a3 a5 31. Be4 h6 32. Bd3 Nf6 33. Bc4
Ng4+ 34. Kf4 Nxh2 35. Be2 g5+ 36. Kf5 g4 37. Ke4 Nf3 38. Bxf3 gxf3 39. Kxf3 Kd4
40. Kg4 Kc3 41. b4 axb4 42. axb4 Kxb4 43. Kf5 Kc4 44. Kf6 Kd4 45. Kxf7 Ke4 46.
Kg6 Kf3 47. Kxh6 Kxg3 1/2-1/2

[Event "21st TCh-RUS 2014"]
[Site "Loo RUS"]
[Date "2014.04.11"]
[Round "5.5"]
[Board "2"]
[White "Chernobay, Artem"]
[Black "Bukavshin, Ivan"]
[Result "1/2-1/2"]
[WhiteTitle "GM"]
[BlackTitle "GM"]
[WhiteElo "2501"]
[BlackElo "2608"]
[WhiteTeam "Moscow region"]
[BlackTeam "Lada (Samara region)"]
[WhiteFideId "4167406"]
[BlackFideId "4199758"]
[EventDate "2014.04.07"]

1. e4 c5 2. Nf3 e6 3. g3 d5 4. exd5 exd5 5. d4 Nc6 6. Bg2 Bg4 7. O-O cxd4 8. h3
Bxf3 9. Qxf3 Nf6 10. Bg5 Be7 11. Bxf6 Bxf6 12. Qxd5 O-O 13. Qb5 Rb8 14. Nd2 a6
15. Qb3 Na5 16. Qd3 b5 17. b4 Nb7 18. Nb3 Qb6 19. a4 Rfc8 20. Bxb7 Rxb7 21. Nc5
Rbc7 22. axb5 Qxb5 23. Nxa6 Rc4 24. Rfb1 Qb6 25. Nc5 Rxb4 26. Rxb4 Qxb4 27. Ne4
Be7 28. Rd1 g6 29. h4 h5 30. Ng5 Bxg5 31. hxg5 Qc5 32. Qxd4 Qxd4 33. Rxd4 Rxc2
34. Rd5 Rc4 35. Kg2 h4 36. gxh4 Rxh4 37. Kg3 Rh1 38. f4 Kg7 39. Rd7 Rg1+ 40. Kf3
Rf1+ 1/2-1/2

[Event "21st TCh-RUS 2014"]
[Site "Loo RUS"]
[Date "2014.04.11"]
[Round "5.5"]
[Board "3"]
[White "Frolyanov, Dmitry"]
[Black "Nozdrachev, Vladislav"]
[Result "1-0"]
[WhiteTitle "GM"]
[BlackTitle "IM"]
[WhiteElo "2578"]
[BlackElo "2491"]
[WhiteTeam "Lada (Samara region)"]
[BlackTeam "Moscow region"]
[WhiteFideId "4151976"]
[BlackFideId "24113441"]
[EventDate "2014.04.07"]

1. e4 e5 2. Nf3 Nc6 3. Bb5 a6 4. Ba4 Nf6 5. O-O Be7 6. Re1 b5 7. Bb3 O-O 8. c3
d6 9. h3 Nb8 10. d4 Nbd7 11. Nbd2 Bb7 12. Bc2 Re8 13. a4 Bf8 14. Bd3 c6 15. Qc2
Qb8 16. b3 g6 17. Bb2 Bg7 18. Rad1 Nh5 19. Bf1 Qa7 20. b4 Rad8 21. Nb3 Nb6 22.
dxe5 dxe5 23. Nc5 Nxa4 24. Nxa4 bxa4 25. Qxa4 Nf4 26. Bc4 Bf6 27. Bc1 Qb8 28.
Bxf4 exf4 29. e5 Be7 30. Qa2 Rf8 31. e6 fxe6 32. Rxd8 Qxd8 33. Nd4 1-0

[Event "21st TCh-RUS 2014"]
[Site "Loo RUS"]
[Date "2014.04.11"]
[Round "5.5"]
[Board "4"]
[White "Iljiushenok, Ilia"]
[Black "Yakovich, Yuri"]
[Result "1/2-1/2"]
[BlackTitle "GM"]
[WhiteElo "2429"]
[BlackElo "2539"]
[WhiteTeam "Moscow region"]
[BlackTeam "Lada (Samara region)"]
[WhiteFideId "24105074"]
[BlackFideId "4100654"]
[EventDate "2014.04.07"]

1. e4 c5 2. Nf3 Nc6 3. d4 cxd4 4. Nxd4 e6 5. Nc3 Qc7 6. g3 a6 7. Bg2 Nf6 8. Nb3
d6 9. O-O b5 10. a3 Bb7 11. f4 Be7 12. Be3 Nd7 13. f5 O-O 14. fxe6 fxe6 15. Bh3
Rxf1+ 16. Qxf1 Nf8 17. Nd4 Nxd4 18. Bxd4 Bg5 19. Qe2 Qe7 20. Rf1 Nd7 21. a4 bxa4
22. Qc4 Re8 23. Qc7 Bf6 24. Bxf6 Nxf6 25. Qxe7 Rxe7 26. e5 dxe5 27. Nxa4 Ne4 28.
Rd1 Kf7 29. Bg2 Rc7 30. c3 Ke7 31. Re1 Nd2 32. Rxe5 Nc4 33. Re2 Bxg2 34. Kxg2
Rb7 35. Kf2 Rb5 36. Ke1 e5 37. Kd1 Ke6 38. Kc2 Nb6 39. Nxb6 Rxb6 40. Kd3 a5 41.
Ke4 a4 42. Rd2 Rb8 43. h3 g6 44. Rf2 Rb3 45. Rc2 h5 46. Rd2 a3 47. bxa3 Rxa3 48.
Rd3 Ra4+ 49. Ke3 h4 50. gxh4 Rxh4 51. Kf2 e4 52. Rd4 Ke5 53. Kg3 Rh5 54. Rd8
Rg5+ 55. Kf2 Rf5+ 56. Ke2 Rf3 57. Re8+ Kf4 58. Rf8+ Kg3 59. Rxf3+ exf3+ 60. Kf1
Kxh3 61. c4 Kg4 62. c5 Kf5 63. Kf2 Ke5 1/2-1/2

[Event "21st TCh-RUS 2014"]
[Site "Loo RUS"]
[Date "2014.04.11"]
[Round "5.5"]
[Board "5"]
[White "Geller, Jakov"]
[Black "Nozdrachev, Leonid"]
[Result "1-0"]
[WhiteTitle "GM"]
[BlackTitle "FM"]
[WhiteElo "2504"]
[BlackElo "2413"]
[WhiteTeam "Lada (Samara region)"]
[BlackTeam "Moscow region"]
[WhiteFideId "4151984"]
[BlackFideId "24113433"]
[EventDate "2014.04.07"]

1. e4 e5 2. Nf3 Nc6 3. Bb5 a6 4. Ba4 Nf6 5. O-O b5 6. Bb3 Bc5 7. c3 d6 8. a4 Rb8
9. d4 Bb6 10. a5 Ba7 11. h3 O-O 12. Be3 exd4 13. cxd4 Nxe4 14. Qc2 Qe8 15. Nc3
Ng3 16. Rfe1 Nf5 17. Nd5 Bd7 18. Bg5 Qc8 19. Re4 Ncxd4 20. Nxd4 Bxd4 21. g4 Kh8
22. gxf5 Bxf5 23. Ne7 Bxe4 24. Qxe4 Qxh3 25. Qxd4 Qxb3 26. Bf6 Rg8 27. Nxg8 Rxg8
28. Bg5 Qe6 29. Ra3 c5 30. Qh4 Qg6 31. Kh2 d5 32. Be7 Qc6 33. Rh3 h6 34. Rf3 d4
35. Rf6 Qe4 36. Qxe4 1-0

[Event "21st TCh-RUS 2014"]
[Site "Loo RUS"]
[Date "2014.04.11"]
[Round "5.5"]
[Board "6"]
[White "Ofitserian, Boris"]
[Black "Mokshanov, Alexey"]
[Result "1/2-1/2"]
[BlackTitle "FM"]
[WhiteElo "2109"]
[BlackElo "2428"]
[WhiteTeam "Moscow region"]
[BlackTeam "Lada (Samara region)"]
[WhiteFideId "24199443"]
[BlackFideId "24121657"]
[EventDate "2014.04.07"]

1. d4 d5 2. c4 e6 3. Nc3 Nf6 4. Nf3 c6 5. g3 dxc4 6. Bg2 Nbd7 7. O-O Be7 8. a4
a5 9. e4 O-O 10. Qe2 b6 11. Rd1 Ba6 12. Bf4 Re8 13. Nd2 Bf8 14. Nxc4 Nd5 15. Bd2
Nb4 16. Be3 Qc7 17. Rac1 e5 18. d5 Bc5 19. b3 Bxe3 20. Qxe3 Bxc4 21. bxc4 Nc5
22. f4 cxd5 23. Nxd5 Nxd5 24. cxd5 Qd6 25. Rc4 Re7 26. f5 Rc7 27. Rb1 Rb8 28.
Bf1 Kf8 29. Qa3 Ke7 30. Qb2 Rbb7 31. Qb5 Rb8 32. Rd1 Rbc8 33. Bh3 f6 34. Bf1 Nd7
35. Rdc1 Rxc4 36. Rxc4 Rxc4 37. Bxc4 Qc5+ 38. Kg2 Kd6 39. Kf3 Qxb5 40. Bxb5 Nc5
41. Ke3 Nb7 42. g4 Kc5 43. h4 Nd6 44. Bc6 Kc4 45. g5 Kc3 46. Bb5 Kb4 47. Bc6 Kc5
48. gxf6 gxf6 49. Kd3 Nf7 50. Be8 Nd8 51. Bb5 Kd6 52. Ke3 Ke7 53. Kf3 Nb7 54.
Ke3 Kf8 55. Kf3 Kg7 56. Ke3 Nc5 57. Bc6 Kf8 58. d6 Na6 59. Kd2 Nb4 60. Bb5 Na2
61. Kc2 Nb4+ 62. Kb3 Kf7 63. Kc4 Nc2 64. Bd7 Nd4 1/2-1/2

[Event "21st TCh-RUS 2014"]
[Site "Loo RUS"]
[Date "2014.04.11"]
[Round "5.6"]
[Board "1"]
[White "Potapov, Pavel"]
[Black "Smirnov, Pavel"]
[Result "1/2-1/2"]
[WhiteTitle "IM"]
[BlackTitle "GM"]
[WhiteElo "2475"]
[BlackElo "2624"]
[WhiteTeam "Yamal"]
[BlackTeam "Polytechnic (Nizhny Tagil)"]
[WhiteFideId "4169786"]
[BlackFideId "4123425"]
[EventDate "2014.04.07"]

1. e4 c5 2. c3 Nf6 3. e5 Nd5 4. Nf3 d6 5. d4 cxd4 6. cxd4 Nc6 7. Bc4 dxe5 8.
dxe5 Ndb4 9. Qxd8+ Nxd8 10. Na3 Bg4 11. Nd4 Ndc6 12. Nxc6 Nxc6 13. Bf4 e6 14.
Nc2 Bc5 15. O-O O-O 16. Rac1 Rac8 17. Bd3 Rfd8 18. Be4 Be2 19. Rfe1 Bd3 20. Bxc6
Rxc6 21. Red1 Be7 22. Ne1 Rxc1 23. Bxc1 Bc4 24. Rxd8+ Bxd8 25. a3 Bc7 26. f4
Bb6+ 27. Kh1 Kf8 28. Nc2 Bd3 29. Ne3 Ke8 30. g3 Kd7 31. Kg2 Kc6 32. Kf3 Kb5 33.
b3 a5 34. Nd1 Bc5 35. Nc3+ Kc6 36. Na4 Be7 37. Nb2 Bc2 38. Nc4 b6 39. Nd6 f6 40.
b4 fxe5 41. fxe5 Kd5 42. Bb2 Bg5 43. Ke2 Bg6 44. h4 Bh5+ 45. Kd3 Bh6 46. Nc8
Bg6+ 47. Ke2 axb4 48. axb4 b5 49. Nd6 Bh5+ 50. Kd3 Kc6 51. Bd4 g5 52. Be3 gxh4
53. gxh4 Bf8 54. Bg5 Bg7 55. Kd4 h6 56. Bf4 Bf8 57. Bd2 Be7 58. Bxh6 Bxh4 59.
Ne4 Be7 60. Bd2 Bg6 61. Nc5 Bf5 62. Ne4 Bh3 63. Be1 Bf1 64. Nc5 Bc4 65. Bd2 Kc7
66. Ne4 Kd7 67. Nf6+ Kc6 68. Ne4 Bd8 69. Bg5 Bb6+ 70. Nc5 Bd5 1/2-1/2